Statistiken für 2022 Formel 2 Fahrer

Klicken Sie hier um das Quiz zu spielen!

Allgemein

  • Dieses Quiz wurde 40 mal gespielt
  • Das Durchschnittsergebnis liegt bei 10 aus 21

Antwortstatistiken

TeamNationalitätFahrer% Korrekt
Prema PowerteamNorwegenDennis Hauger
88%
Hitech RacingEstlandJüri Vips
79%
CarlinNeuseelandLiam Lawson
71%
MP Motorsport BrasilienFelipe Drugovich
62%
ART Grand Prix DänemarkFrederik Vesti
62%
CarlinVereinigte StaatenLogan Sargeant
62%
Charouz Racing System BrasilienEnzo Fittipaldi
59%
DAMS IsraelRoy Nissany
59%
ART Grand PrixFrankreichThéo Pourchaire
56%
Hitech Racing NeuseelandMarcus Armstrong
53%
Campos RacingSchweizRalph Boschung
50%
DAMSJapanAyumu Iwasa
47%
UNI Virtuosi AustralienJack Doohan
47%
Trident NiederlandeRichard Verschoor
47%
MP MotorsportFrankreichClement Novalak
32%
UNI Virtuosi Japan
Marino Sato
32%
Charouz Racing SystemTürkeiCem Bolukbasi
29%
Van Amersfoort Racing GroßbritannienJake Hughes
26%
Van Amersfoort Racing BelgienAmaury Cordeel
21%
Trident AustralienCalan Williams
9%
Prema PowerteamIndienJehan Daruvela
6%

Verteilung der Resultate

Perzentil nach korrekt beantworteten Fragen

Anzahl Personen mit jedem Resultat

Ihre Resultats-Entwicklung

Sie haben dieses Quiz noch nicht gespielt